Design of fluid thermal systems

This book is designed to serve senior-level engineering students taking a capstone design course in fluid and thermal systems design. It is built from the ground up with the needs and interests of practicing engineers in mind; the emphasis is on practical applications

Uloženo v:
Podrobná bibliografie
Hlavní autor: Janna, William S.
Médium: Kniha
Jazyk:Undetermined
Vydáno: Boston Cengage Learning 2015
Témata:
Tagy: Přidat tag
Žádné tagy, Buďte první, kdo otaguje tento záznam!
Thư viện lưu trữ: Trung tâm Học liệu Trường Đại học Cần Thơ
LEADER 00998nam a2200217Ia 4500
001 CTU_207475
008 210402s9999 xx 000 0 und d
020 |c 2847000 
082 |a 621.4025 
082 |b J34 
100 |a Janna, William S. 
245 0 |a Design of fluid thermal systems 
245 0 |c William S. Janna ; Raj P. Chhabra 
260 |a Boston 
260 |b Cengage Learning 
260 |c 2015 
520 |a This book is designed to serve senior-level engineering students taking a capstone design course in fluid and thermal systems design. It is built from the ground up with the needs and interests of practicing engineers in mind; the emphasis is on practical applications 
650 |a Trao đổi nhiệt,Piping,Heat exchangers,Đường ống 
650 |x Thiết kế và xây dựng,Design and construction.,Design and construction.,Thiết kế và xây dựng 
904 |i Tuyến 
980 |a Trung tâm Học liệu Trường Đại học Cần Thơ